MARC

LEADER 00000nam0a2200000 4500
001 147122
005 20231031144922.0
035 |a (RuTPU)RU\TPU\book\159466 
090 |a 147122 
100 |a 20081108d1975 km y0rusy50 ca 
101 0 |a rus 
102 |a RU 
105 |a a z 001zy 
200 1 |a Химия и технология инициирующих взрывчатых веществ  |f Л. И. Багал 
210 |a Москва  |c Машиностроение  |d 1975 
215 |a 456 с.  |c ил. 
320 |a Библиогр.: с. 437-450. 
320 |a Предметный указатель: с. 451-453. 
610 1 |a взрывчатые вещества 
610 1 |a химия 
610 1 |a технология 
610 1 |a инициирующие вещества 
610 1 |a фульминаты 
610 1 |a азиды 
610 1 |a стифниновая кислота 
610 1 |a стифнаты 
610 1 |a диазосоединения 
610 1 |a тетразен 
610 1 |a тетразолы 
610 1 |a перекиси 
610 1 |a ацетилены 
610 1 |a получение 
610 1 |a техника безопасности 
675 |a 662.4  |v 3 
700 1 |a Багал  |b Л. И.  |g Лев Ильич 
801 1 |a RU  |b 63413507  |c 20081108  |g PSBO 
801 2 |a RU  |b 63413507  |c 20090315  |g PSBO 
942 |c BK